000149405 001__ 149405 000149405 005__ 20250127135742.0 000149405 037__ $$aTAZ-TFG-2024-4171 000149405 041__ $$aspa 000149405 1001_ $$aAranda Sanz, Jorge 000149405 24200 $$aNarrow-band methods for efficient non-line-of-sight reconstruction 000149405 24500 $$aMétodos de banda estrecha para reconstrucción sin línea de visión eficiente 000149405 260__ $$aZaragoza$$bUniversidad de Zaragoza$$c2024 000149405 506__ $$aby-nc-sa$$bCreative Commons$$c3.0$$uhttp://creativecommons.org/licenses/by-nc-sa/3.0/ 000149405 520__ $$aEl proyecto titulado se centra en optimizar la eficiencia computacional en la reconstrucción de escenas tridimensionales ocultas mediante la luz reflejada. Este campo, conocido como non-line-of-sight imaging (NLOS), permite visualizar objetos que no están directamente en la línea de visión de un sensor. El trabajo se basa en dos algoritmos clave, Phasor Fields y F-K Migration, utilizados para procesar la luz indirecta y reconstruir imágenes. El objetivo principal del proyecto es mejorar la velocidad y reducir los recursos computacionales necesarios, aplicando técnicas eficientes de filtrado de frecuencias en el dominio de Fourier, lo que permite seleccionar las frecuencias más útiles y agilizar el procesamiento. Con esta optimización, se logra una mejora significativa en los tiempos de ejecución, sin comprometer la calidad de las reconstrucciones, y se permite trabajar con conjuntos de datos más grandes.<br /> 000149405 521__ $$aGraduado en Ingeniería Informática 000149405 540__ $$aDerechos regulados por licencia Creative Commons 000149405 691__ $$a9 12 000149405 692__ $$aMétodos más eficientes ayudan tanto a la industria, aumentando las posibilidades de forma innovadora, como al clima, disminuyendo el consumo energético de los algoritmos. 000149405 700__ $$aMarco Murria, Julio$$edir. 000149405 7102_ $$aUniversidad de Zaragoza$$bInformática e Ingeniería de Sistemas$$cLenguajes y Sistemas Informáticos 000149405 8560_ $$f800839@unizar.es 000149405 8564_ $$s6622346$$uhttps://zaguan.unizar.es/record/149405/files/TAZ-TFG-2024-4171.pdf$$yMemoria (spa) 000149405 8564_ $$s742353$$uhttps://zaguan.unizar.es/record/149405/files/TAZ-TFG-2024-4171_ANE.pdf$$yAnexos (spa) 000149405 909CO $$ooai:zaguan.unizar.es:149405$$pdriver$$ptrabajos-fin-grado 000149405 950__ $$a 000149405 951__ $$adeposita:2025-01-27 000149405 980__ $$aTAZ$$bTFG$$cEINA 000149405 999__ $$a20240906161636.CREATION_DATE